| 000 | 00361nam a2200133Ia 4500 | ||
|---|---|---|---|
| 008 | 210430s9999 xx 000 0 und d | ||
| 020 | _a9788121903592 | ||
| 082 | _aD2121A | ||
| 100 |
_aDara, S.S. _96458 |
||
| 245 | 2 |
_aA Textbook of Engineering Chemistry _cDara, S.S. |
|
| 260 |
_aNew Dehli. _bS. Chand & Company. _c1986 |
||
| 300 | _a972p. | ||
| 942 |
_cREF _2ddc |
||
| 999 |
_c565762 _d565762 |
||